| 000 -LEADER |
| fixed length control field |
00603 a2200205 4500 |
| 003 - CONTROL NUMBER IDENTIFIER |
| control field |
OSt |
| 005 - DATE AND TIME OF LATEST TRANSACTION |
| control field |
20260219140747.0 |
| 008 - FIXED-LENGTH DATA ELEMENTS--GENERAL INFORMATION |
| fixed length control field |
260219b ||||| |||| 00| 0 eng d |
| 020 ## - INTERNATIONAL STANDARD BOOK NUMBER |
| International Standard Book Number |
9781071925256 |
| 040 ## - CATALOGING SOURCE |
| Transcribing agency |
. |
| 082 ## - DEWEY DECIMAL CLASSIFICATION NUMBER |
| Classification number |
658.45 |
| Item number |
V446 |
| 100 ## - MAIN ENTRY--PERSONAL NAME |
| 9 (RLIN) |
6649 |
| Personal name |
Veltsos, Jennifer R. |
| 245 ## - TITLE STATEMENT |
| Title |
Managerial Communication: Strategies and Application / |
| Statement of responsibility, etc. |
by Jennifer R. Veltsos , Geraldine E. Hynes |
| 250 ## - EDITION STATEMENT |
| Edition statement |
9th ed. |
| 260 ## - PUBLICATION, DISTRIBUTION, ETC. |
| Name of publisher, distributor, etc. |
Sage Publications, |
| Place of publication, distribution, etc. |
London : |
| Date of publication, distribution, etc. |
2025. |
| 300 ## - PHYSICAL DESCRIPTION |
| Extent |
476 p. |
| 650 #0 - SUBJECT ADDED ENTRY--TOPICAL TERM |
| 9 (RLIN) |
5684 |
| Topical term or geographic name entry element |
Managerial communication |
| 700 ## - ADDED ENTRY--PERSONAL NAME |
| 9 (RLIN) |
5683 |
| Personal name |
Hynes, Geraldine E. |
| 942 ## - ADDED ENTRY ELEMENTS (KOHA) |
| Source of classification or shelving scheme |
|
| Koha item type |
Books |